000 00327nam a22001217a 4500
003 OSt
008 250107b |||||||| |||| 00| 0 eng d
041 _aeng
100 _aRamakrishnan, A
_96822
245 _aLaabhakaramayi Kozhivalarthal
260 _bDirector of Extension Education, Kerala Agricultural University
942 _cBK
999 _c18973
_d18973